000 00536nam a22001577a 4500
003 OSt
005 20151102160108.0
008 151102b xxu||||| |||| 00| 0 eng d
040 _cRUA
082 _aFOR ហុង​​ 1992​ B117 Or.1
100 _93208
_aហុង​ ប៉ោឡេង
245 _aសុវុឌ្ឍិកម្មព្រៃសម្បាទានខេត្តព្រះវិហារ ឆ្នាំ ១៩៩២
260 _aPhnom Penh
_bRUA
_c1992
300 _a80p.
_bill.
_c29cm.
942 _2ddc
_cFOR
999 _c2995
_d2995